El proceso Dreyfus / (Record no. 20310)

MARC details
000 -LEADER
campo de control de longitud fija 00538nam a2200193 i 4500
001 - NÚMERO DE CONTROL
campo de control 20310
003 - IDENTIFICADOR DE NÚMERO DE CONTROL
campo de control ES-MaACL
005 - FECHA Y HORA DE LA ÚLTIMA TRANSACCIÓN
campo de control 20230906152256.0
007 - CAMPO FIJO DE DESCRIPCIÓN FÍSICA--INFORMACIÓN GENERAL
campo de control de longitud fija t|
008 - DATOS DE LONGITUD FIJA--INFORMACIÓN GENERAL
campo de control de longitud fija 021111s1931 sp |||| |dspa d
080 ## - NÚMERO DE LA CLASIFICACIÓN DECIMAL UNIVERSAL
Número de la Clasificación Decimal Universal 34.096 Dreyfus, Alfred
100 1# - ENTRADA PRINCIPAL--NOMBRE DE PERSONA
Nombre de persona Aguilar, Mario.
9 (RLIN) 18704
245 13 - MENCIÓN DEL TÍTULO
Título El proceso Dreyfus /
Mención de responsabilidad, etc. Mario Aguilar.
250 ## - MENCION DE EDICION
Mención de edición 1ª ed.
260 ## - PUBLICACIÓN, DISTRIBUCIÓN, ETC.
Lugar de publicación, distribución, etc. Barcelona :
Nombre del editor, distribuidor, etc. Mentosa,
Fecha de publicación, distribución, etc. 1931 (
Fabricante Imp. Clarassó)
300 ## - DESCRIPCIÓN FÍSICA
Extensión 121 p., 4 lám. ;
Dimensiones 22 cm.
600 14 - PUNTO DE ACCESO ADICIONAL DE MATERIA--NOMBRE DE PERSONA
Nombre de persona Dreyfus, Alfred-
Subdivisión general Procesos.
9 (RLIN) 45617
852 ## - LOCALIZACIÓN
Ubicación ES-MaACL
Número de control de estantería A-370
Holdings
Estatus retirado Estado de pérdida Estado de daño No para préstamo Biblioteca de origen Biblioteca actual Ubicación en estantería Fecha de adquisición Fuente de adquisición Total de préstamos Signatura topográfica completa Código de barras Visto por última vez Precio de reemplazo Tipo de ítem Koha
        Biblioteca del Ateneo de Madrid Biblioteca del Ateneo de Madrid Sala Pecera Planta 1 17/01/2008     A-370 1020825 23/02/2023 23/02/2023 Libro impreso